| 000 | 00822nam a2200241Ia 4500 | ||
|---|---|---|---|
| 003 | OSt | ||
| 005 | 20220923212414.0 | ||
| 006 | a|||||r|||| 00| 0 | ||
| 007 | ta | ||
| 008 | 220922b |||||||| |||| 00| 0 hin d | ||
| 024 | _a152,640 | ||
| 037 | _cTextual | ||
| 040 |
_aARTS _cARTS _bhin |
||
| 041 |
_2hin _ahin |
||
| 082 | _aN2.J, 152L3 | ||
| 100 | _aरामनाथ | ||
| 245 | 0 | _aमध्यकालीन भारतीय कलाएं एवं उनका विकास | |
| 246 | _aMadhyakālīn bhāratīya kalāean evan unakā vikāsa | ||
| 260 |
_aजयपुर _b राजस्थान हिन्दी ग्रंथ अकादमी _c1973 |
||
| 300 |
_a95 पृ. ] 96 fp= _ccm. |
||
| 942 |
_hN2.J, 152L3 _cTEXL _2CC |
||
| 999 |
_c308289 _d308289 |
||